000
00313 a2200145 4500
001
61383
020
_a
9783126757713
040
_c
Anchieta - Pituba
240
1
0
_a
Wir B1
_l
por
245
1
0
_a
Wir B1
300
_a
96
362
0
_a
2013
650
4
_a
Línguas germânicas (teutônicas) língua alemã
942
_c
BK
999
_c
61383
_d
61383